000 00477nam a2200181Ia 4500
001 11545
005 20260306162835.0
008 260306t2017||||xx |||||||||||||| ||spa||
041 _aESP
082 _a985.072
_bR84
100 _aRosado Loarte, Luis Alberto
_eAUT
245 0 _aNarra la independencia desde tu pueblo 1:
_bHuacho, Arequipa, Tarapacá
260 _c2017
300 _a157 páginas :
_c20 cm.
650 _aGEN
654 _aCHU
942 _cLIB
_dJUS
_fJUS
_2ddc
_n
999 _c11545
_d11545